000 00316nam a2200145Ia 4500
100 _aSchoonmker/ A.N.
650 _aGeneral
942 _cBK
654 _acareer strategy
245 _aExecutive career strategy
260 _bTaraporevala.
_aBombay
_c1980
082 _a658.4
300 _a214
546 _aENGLISH
999 _c24934
_d24934